000 00982nas a2200253Ia 4500
001 R017/67540
003 IT-RoPAU
008 151124c99999999xx |||||||||||| ||und||
040 _aIT-RoPAU
040 _cIT-RoPAU
041 _aITALIANO
100 _aAA.VV.
_gCodice Aut. SPICS: 12000
210 _aFILMCRITICA
222 _aFilmcritica
245 _aFILMCRITICA, ANNO 15-N.142 (FEBBRAIO 1964)
_bPaura Moderna di Alfred Hitchcock (La)
250 _a1a ed.
260 _aROMA
_bFILMCRITICA
_c1964
501 _bPaulus - SPICS - Società San Paolo EM (non-commercial uses only)
_cCopyright2015
300 _a17 p. [67-83]
362 _aANNO 015, N.142 (FEBBRAIO 1964)
500 _aDibattito Sul Fil gli Uccelli di Hitchcock. Elementi Irrealistici. Simboli. Identificazione. Paura del Certo. Valori Delle Minoranze. Musica Elettronica. Polemica Contro il Conformismo. Morale Cattolica. Razionalità e Rigore.
650 _aCINEMA
_vPUBBLICAZIONE PERIODICA
942 _cCR
999 _c135409
_d135409